000 00421nam a2200205Ia 4500
001 12427
003 GE_BSU
008 181216s||||||||xx |||||||||||||| ||und||
020 _a9780752844053
040 _cGE_BSU
080 _a821.111-32
100 _aRankin,Lan.
245 4 _aThe Falls.
260 _aLondon.
260 _bOrion.
260 _c2001
300 _a475p;18cm.
653 _aThe Falls.
942 _cBK
999 _c45601
_d45601